000 00899nas a2200289 4500
001 BR0800077
003 BR-BrBNA
005 20231205111429.0
007 ta
008 230509b bl.|||p| |||| 00| 00por d
040 _aBR-BrBNA
_bpor
_cBiblioteca Nacional de Agricultura
041 _a(En)
072 _aL73
100 1 _aPachaly, J.R.
100 1 _aBelettini, S.T.
100 1 _aNeves, A.G.
100 1 _aWerner, P.R.
100 1 _aAcco, A.
100 1 _aGonçalves, G.F.
245 1 _aSurgical excision of a mandibular osteorama in a domestic cat (Felis catus)
_b7 Jornada de Medicina Veterinária
650 _aGATO
650 _aOSTEOMALACIA
650 _aMANDIBULA
773 0 _tArquivos de Ciências Veterinárias e Zoologia da UNIPAR (Brazil)
_xISSN 1415-8167
_g(Jul-Dec 2002), v. 5(2) p. 313
_wBR0800077
909 _a202311
_bLúcia
_c55
_dLúcia Elande
942 _2AGRIS
_n0
_cANA
999 _c192685
_d192685